Statistiques concernant Pays les plus proches de la Somalie - une minute sprint

Cliquez ici pour prendre le quiz!

Statistiques générales

  • Ce quiz a été pris 76 fois
  • Le résultat moyen est 14 sur 20

Statistiques - réponses

kmpays% Correct
117Érythrée
97%
0Éthiopie
95%
0Djibouti
93%
749Soudan
93%
0Kenya
92%
597Soudan du Sud
90%
425Tanzanie
87%
550Arabie Saoudite
80%
133Yémen
80%
1135Rwanda
77%
571Oman
75%
666Ouganda
75%
1082Rép dém du Congo
69%
1155Burundi
66%
988Mozambique
49%
1233Émirats arabes unis
46%
1232Malawi
43%
1098Comores
38%
1209Seychelles
38%
1280Zambie
31%

Distribution des résultats

Percentile par nombre de réponses

% des personnes avec chaque résultat

Votre développement - résultats

Vous n’avez pas pris ce quiz